| 000 | 00609nam a2200217Ia 4500 | ||
|---|---|---|---|
| 001 | 17453 | ||
| 003 | GE_BSU | ||
| 008 | 181216s||||||||xx |||||||||||||| ||und|| | ||
| 040 | _cGE_BSU | ||
| 080 | _a821.353.1-2 | ||
| 245 | _aპიესები | ||
| 245 | _bკრებული | ||
| 245 | _cრედ.:თ ბუაჩიძე;მხატვ.:ს. ღამბაშიძე | ||
| 260 | _aთბილისი | ||
| 260 | _bხელოვნება | ||
| 260 | _c1962 | ||
| 300 | _a460გვ.;22სმ | ||
| 653 | _aკრებული | ||
| 653 | _aპიესები | ||
| 942 | _cBK | ||
| 999 |
_c50504 _d50504 |
||